| 000 | 00816nam a2200229Ia 4500 | ||
|---|---|---|---|
| 005 | 20150325150046.0 | ||
| 010 | _aBAC-CH25 ENG-112184 | ||
| 020 |
_a9789350095508 _c 350.00 |
||
| 035 | _aB-549161-186 EN-95716 | ||
| 035 | _aG-002966 | ||
| 037 | _bTechniz/vender | ||
| 037 | _bDBAD/PUB | ||
| 082 | _aS | ||
| 100 | _aCoelho, Venita | ||
| 245 |
_aTiger by the tail / _cby Venita Coelho |
||
| 260 |
_c2013 _aGurgaon _bHachette Book Publishing |
||
| 270 |
_a4th & 5th Floor, Corporate Centre, Plot No.94, Sector -44 _bGurgaon _e122003 |
||
| 300 |
_a262p. : _bill. _c21cm(pbk) |
||
| 942 |
_cCH _2ddc _mCOE _hS |
||
| 999 |
_c86175 _d86175 |
||